000 00662nam a2200181Ia 4500
008 090630s9999 xx 000 0 und d
082 _b13966
100 _aजोशी विजया.
245 _aनेताजी सुभाषचंद्र बोस.
_cजोशी विजया.
260 _bभारती - पुणे.
300 _a30
600 _aजोशी विजया.
630 _aनेताजी सुभाषचंद्र बोस.
655 _aबालवाङमय.
700 _aजोशी विजया.
730 _aनेताजी सुभाषचंद्र बोस.
942 _cBOOK
999 _c265822
_d265822